header

Suicide prohibition (Record no. 148866)

MARC details
000 -LEADER
fixed length control field 01440nam a2200349 a 4500
082 04 - DEWEY DECIMAL CLASSIFICATION NUMBER
Classification number 616.85/8445
100 1# - MAIN ENTRY--AUTHOR NAME
Personal name Szasz, Thomas,
245 10 - TITLE STATEMENT
Title Suicide prohibition
250 ## - EDITION STATEMENT
Edition statement 1st ed.
260 ## - PUBLICATION, DISTRIBUTION, ETC. (IMPRINT)
Place of publication Syracuse, N.Y. :
Name of publisher Syracuse University Press,
Year of publication c2011.
300 ## - PHYSICAL DESCRIPTION
Number of Pages xv, 132 p.
505 0# - FORMATTED CONTENTS NOTE
Formatted contents note Suicide prohibition -- The suicide prohibition agent -- The marriage of Asclepius and Atropos -- Separation : emigration, secession, suicide -- The shame of medicine -- Envoi.
650 #0 - SUBJECT ADDED ENTRY--TOPICAL TERM
Topical Term Suicide.
Topical Term Suicide
856 40 - ELECTRONIC LOCATION AND ACCESS
Uniform Resource Identifier http://site.ebrary.com/lib/rucke/Doc?id=10534243

No items available.

© 2026 Rongo University
Contact us: librarian | system librarian | Rongo university